| 000 | 00610nam a2200241Ia 4500 | ||
|---|---|---|---|
| 003 | IT-RoPAU | ||
| 005 | 20220918175649.0 | ||
| 008 | 120407s9999 xx 000 0 und d | ||
| 040 | _aIT-RoPAU | ||
| 040 | _cIT-RoPAU | ||
| 041 | _aita | ||
| 100 |
_aMaria Lucia Ricci _935172 |
||
| 245 | _aLa Prima Madre delle Pie Discepole M. e Maria Scolastica Rivata, la ragazza “tutto pepe” scelta dal Divin Maestro | ||
| 250 | _aRoma | ||
| 260 | _aCasa Generalizia PDDM | ||
| 260 | _c1988 | ||
| 300 | _a101 p. | ||
| 300 | _bill. | ||
| 300 | _c25 cm | ||
| 490 | _v1 | ||
| 942 |
_cBK _2ddc |
||
| 999 |
_c24017 _d24017 |
||